000 00489nam a2200169Ia 4500
008 241206s9999||||xx |||||||||||||| ||und||
020 _a9780827373211
_c675.8
040 _beng
_cSSK Library
_erda
082 _a647.940683/TAN
100 _a Mary L. Tanke
245 0 _aHuman Resources Management For The Hospitality Industry
250 _a2nd ed
260 _b Delmar-Thomson Learning
_c©2001
942 _2Dewey Decimal Classification
_cBOOK
_nNo
999 _c15811
_d15811
003 OSt
005 20241206223234.0